| 000 | 01038nam a2200277Ia 4500 | ||
|---|---|---|---|
| 003 | OSt | ||
| 005 | 20221005110003.0 | ||
| 006 | a|||||r|||| 00| 0 | ||
| 007 | ta | ||
| 008 | 221004b |||||||| |||| 00| 0 hin d | ||
| 020 |
_a9788126004312 (hbk) _cINR 200.00 |
||
| 024 | _a37915 | ||
| 037 |
_bBW/1664, 14/03/2018, Bookwell _cTextual |
||
| 040 |
_aCRL _cCRL _bhin |
||
| 041 |
_2hin _ahin |
||
| 082 | _aO152,6M90x, N8 | ||
| 100 | _aसलिल, सुरेश, संपा. | ||
| 245 | 0 | _aगणेशशंकर विद्यार्थी संचयन | |
| 246 | _aGaṇeshashankar vidyārthī sanchayana | ||
| 260 |
_aनई दिल्ली _bसाहित्य अकादेमी भारत _c1998 |
||
| 300 |
_a330पृ0 _ccm. |
||
| 650 | _a हिन्दी साहित्य | ||
| 650 | _aहिन्दी निबंध | ||
| 942 |
_hO152,6M90x, N8 _cTEXL _2cc |
||
| 999 |
_c1017442 _d1017442 |
||